| 000 | 01585nam a2200337 a 4500 | ||
|---|---|---|---|
| 001 | BRCA_8601 | ||
| 005 | 20190320210336.0 | ||
| 008 | 290816s1725----gw-#######---#000-0#ger-# | ||
| 041 | _ager | ||
| 044 | _agw | ||
| 050 | 4 |
_aBX1756 _b.H58 _c1725 |
|
| 100 | 1 |
_aHöger, P. Francisco _921501 |
|
| 245 | 1 | 0 |
_aUnaufhörlicher kirchen glantz das ist _bausser ordentliche lob und red verfassungen bey verschiedenen fest begängnussen der heiligen wie auch unterschiedlichen andachten bett gäng, und feyerlichen kirchen gepräng samt oelberg und exempel predigen für die fasten _cP. Francisco Höger. |
| 260 |
_aBerlengung _bJohann Andre de la Haye _c1725 |
||
| 300 |
_a1 vol. (con varias paginaciones) _c34 cm |
||
| 500 | _aFondo antiguo | ||
| 500 | _aSe encuentra en Caja Fuerte | ||
| 500 | _aW-37 | ||
| 500 | _aIncluye índice alfabético | ||
| 500 | _aPortada impresa a dos tintas negro y rojo, se encuentra deteriorada | ||
| 500 | _aTexto escrito a dos columnas | ||
| 500 | _aCon Ex-libris de: Franz Mayer | ||
| 500 | _aUso de letras capitulares y viñetas | ||
| 500 | _aEstado físico: páginas 1 y 2 desprendidas | ||
| 500 | _aNota de encuadernación: en cartón con broches de piel metálicos deteriorados | ||
| 505 | 0 | _aContiene: Das evangelium, denen armen und reichen geprediget oder evangelische srund barheiten jedem stand der benschen vorgehalten 1724 | |
| 506 | 0 | _aFondo reservado: para su consulta es necesario credencial de usuario y carta de motivos | |
| 650 | 1 | 4 |
_aSermones _eAlemán _vTrabajos anteriores a 1800 _921502 |
| 902 | _aLAR | ||
| 942 |
_2lcc _cB |
||
| 999 |
_c8264 _d8264 |
||